[Event "Challenge"]
[Site "http://www.queenalice.com/game.php?id=1218090"]
[Date "2013.9.19"]
[Round "-"]
[White "amarkin"]
[Black "lupengui"]
[Result "0-1"]
[WhiteElo "2476"]
[BlackElo "2864"]

1. e4 c6 2. Nf3 d5 3. exd5 cxd5 4. Bb5+ Bd7 5. Qe2 Nf6 6. O-O a6 7. Bxd7+ Nbxd7
8. b3 e6 9. d4 Be7 10. Nbd2 Rc8 0-1

[Event "AUTO-OPEN-2928"]
[Site "http://www.queenalice.com/game.php?id=1222973"]
[Date "2013.10.8"]
[Round "3"]
[White "lupengui"]
[Black "artur59"]
[Result "0-1"]
[WhiteElo "2862"]
[BlackElo "2503"]

1. e4 e5 2. Nf3 Nc6 3. d4 exd4 4. Nxd4 Bc5 5. Nxc6 Qf6 6. Qf3 Qxf3 7. gxf3 bxc6
8. Rg1 g6 9. Nc3 d6 10. Bd3 Rb8 11. Rb1 Bd4 12. Ne2 Bg7 13. c3 a5 14. Be3 Nf6
15. Nd4 Bd7 16. Nf5 Bxf5 17. exf5 Nd5 18. Kd2 Bf6 19. Kc2 Kd7 20. Rg4 Ra8 21.
Ra4 g5 22. Rg1 h6 23. Bd2 Rhb8 24. Re1 c5 25. Rae4 a4 26. Bc4 c6 27. h3 Rf8 28.
Rg4 Nf4 29. h4 d5 0-1

[Event "AUTO-OPEN-2928"]
[Site "http://www.queenalice.com/game.php?id=1222974"]
[Date "2013.10.8"]
[Round "3"]
[White "artur59"]
[Black "lupengui"]
[Result "1-0"]
[WhiteElo "2488"]
[BlackElo "2877"]

1. e4 c5 2. Nf3 d6 3. d4 cxd4 4. Nxd4 Nf6 5. Nc3 a6 6. Bg5 Nbd7 7. f4 e5 8. Nf5
Qb6 9. Qd2 h6 10. Bxf6 Nxf6 11. O-O-O Be6 12. Nxd6+ Bxd6 13. Qxd6 Qxd6 14. Rxd6
exf4 15. Be2 Ke7 16. e5 Nd7 17. Nd5+ Bxd5 18. Rxd5 Ke6 19. Bc4 Ke7 20. Rhd1 Rhd8
21. b4 Rac8 22. Bb3 g5 23. Kb2 b5 24. h3 Rb8 25. R1d4 Rb7 26. Rd6 Rb6 27. a4
Rxd6 28. exd6+ Kf6 29. axb5 axb5 30. Rd5 1-0

[Event "AUTO-OPEN-2644"]
[Site "http://www.queenalice.com/game.php?id=1223760"]
[Date "2013.10.11"]
[Round "3"]
[White "rsgaspar"]
[Black "lupengui"]
[Result "1/2-1/2"]
[WhiteElo "2347"]
[BlackElo "2856"]

1. e4 c5 2. Nf3 d6 3. d4 cxd4 4. Nxd4 Nf6 5. Nc3 a6 6. Bg5 Nbd7 7. Bc4 h6 8. Be3
Qc7 9. Be2 e5 10. Nf5 g6 11. Ng3 b5 12. O-O Bb7 13. a3 h5 14. f3 Rd8 15. Qc1 h4
16. Nh1 h3 17. g3 d5 18. exd5 Nxd5 19. Nxd5 Bxd5 20. a4 Bc4 21. Bxc4 bxc4 22.
Nf2 Qb7 23. Qd1 Be7 24. Qe2 Kf8 25. Ne4 Qc6 26. b3 f5 27. Nd2 cxb3 28. cxb3 Nc5
29. Nc4 e4 30. Nd2 exf3 31. Nxf3 Qe4 32. Rac1 Nxb3 33. Rc4 Qd3 34. Qxd3 Rxd3 35.
Kf2 Kg7 36. Rb1 Re8 37. Ke2 Rxe3+ 38. Kxe3 Bc5+ 39. Kd3 Re3+ 40. Kc2 Rxf3 41.
Rxb3 Rf2+ 42. Kc3 Rf3+ 43. Kb2 Rf2+ 44. Ka1 Bd6 45. Rb7+ Kf6 46. Rc6 Ke5 47. Rb2
Rg2 48. Rxa6 Bc5 49. Rb5 Kd4 50. Rc6 Ba3 51. Rxg6 Rxh2 52. Rh6 Bc5 53. Rh4+ Kd5
54. Kb1 Rh1+ 55. Ka2 h2 56. a5 Kc6 57. Rb2 Rg1 58. Rh6+ Kd5 59. Rbxh2 Rxg3 60.
a6 Ra3+ 61. Kb2 Ra5 62. Kc3 Ra3+ 63. Kb2 Ra5 64. R2h5 Kc4 65. Rc6 Kd3 66. Rh4
Rb5+ 67. Ka2 Ra5+ 68. Kb3 Ra3+ 69. Kb2 Ra5 70. Rf4 Rb5+ 71. Ka2 Ra5+ 72. Kb3 Be3
73. Rf3 f4 74. Rf6 Ra1 75. Kb4 Rb1+ 76. Ka3 Rh1 77. Re6 Kc4 78. Re4+ Bd4 79. Ka4
Rh6 80. Rxd4+ Kxd4 81. Rxf4+ Ke5 82. Rb4 1/2-1/2

[Event "AUTO-OPEN-2644"]
[Site "http://www.queenalice.com/game.php?id=1223761"]
[Date "2013.10.11"]
[Round "3"]
[White "lupengui"]
[Black "rsgaspar"]
[Result "1-0"]
[WhiteElo "2851"]
[BlackElo "2458"]

1. e4 c5 2. Nf3 Nc6 3. Bb5 g6 4. O-O Bg7 5. c3 Nf6 6. d3 O-O 7. Re1 d6 8. Nbd2
Qc7 9. h3 Bd7 10. a4 a6 11. Bxc6 Bxc6 12. a5 Rad8 13. Qe2 Bb5 14. Nb1 Nd7 15. c4
Bc6 16. Nc3 e6 17. Be3 f5 18. Qd2 Ne5 19. Nxe5 Bxe5 20. d4 cxd4 21. Bxd4 Bxd4
22. Qxd4 fxe4 23. Nxe4 e5 24. Qd3 Kg7 25. b4 Qf7 26. Qc2 Qd7 27. Ra3 Rf4 28.
Rae3 Rdf8 29. f3 Bxe4 30. Rxe4 Rxe4 31. Rxe4 Re8 32. Qb3 Qe6 33. f4 Qf5 34. Qf3
Re7 35. Qd3 Qf6 36. Qe3 Kf7 37. Qd2 Qf5 38. Qe3 Re8 39. Qe2 Qd7 40. Qd3 Qc6 41.
Qe3 Ke6 42. fxe5 Kd7 43. e6+ Kc8 44. Qf4 Re7 45. Qf6 Qe8 46. b5 axb5 47. cxb5
Kb8 48. a6 g5 49. Qxg5 Qd8 50. Rf4 h6 51. Qd5 bxa6 52. bxa6 Qb6+ 53. Kh2 Qxa6
54. Qb3+ Kc7 55. Rc4+ 1-0

[Event "Challenge"]
[Site "http://www.queenalice.com/game.php?id=1232309"]
[Date "2013.11.14"]
[Round "-"]
[White "amarkin"]
[Black "lupengui"]
[Result "0-1"]
[WhiteElo "2414"]
[BlackElo "2882"]

1. Nf3 d5 2. g3 c6 3. Bg2 Nf6 4. O-O Qc7 5. d4 h6 6. Nbd2 Bf5 7. c4 e6 8. Re1
Nbd7 9. e4 dxe4 10. Nh4 Bg4 11. f3 exf3 0-1

[Event "Challenge"]
[Site "http://www.queenalice.com/game.php?id=1232312"]
[Date "2013.11.14"]
[Round "-"]
[White "lupengui"]
[Black "amarkin"]
[Result "1-0"]
[WhiteElo "2881"]
[BlackElo "2415"]

1. d4 d5 2. Nf3 g6 3. g3 Bg7 4. Bg2 Nf6 5. c3 O-O 6. O-O Nbd7 7. Nbd2 c5 8. a4
a5 9. dxc5 Nxc5 10. Nb3 Nfe4 11. Ng5 1-0

[Event "AUTO-OPEN-2960"]
[Site "http://www.queenalice.com/game.php?id=1292873"]
[Date "2014.7.6"]
[Round "3"]
[White "lupengui"]
[Black "jnable"]
[Result "1-0"]
[WhiteElo "2855"]
[BlackElo "2007"]

1. d4 d5 2. Nc3 Nf6 3. Bf4 c6 4. e3 Bf5 5. Nf3 e6 6. a3 Nbd7 7. Bd3 Bxd3 8. Qxd3
Be7 9. h3 O-O 10. O-O a6 11. e4 dxe4 12. Nxe4 Nd5 13. Bh2 N7f6 14. Nc5 b6 15.
Nxa6 Qc8 16. Nb4 Nxb4 17. axb4 Bxb4 18. Qb3 Be7 19. Qxb6 Nd5 20. Qb3 Bf6 21. c4
Nc7 22. Rxa8 Nxa8 23. Ra1 Nc7 24. Ra7 1-0

[Event "AUTO-OPEN-2960"]
[Site "http://www.queenalice.com/game.php?id=1292874"]
[Date "2014.7.6"]
[Round "3"]
[White "jnable"]
[Black "lupengui"]
[Result "0-1"]
[WhiteElo "2009"]
[BlackElo "2854"]

1. e4 c5 2. Nf3 d6 3. d4 cxd4 4. Nxd4 Nf6 5. Nc3 a6 6. Be3 e5 7. Nb3 Be7 8. a4
Be6 9. Bd3 Nc6 10. Bg5 Nxe4 11. Bxe7 Nxc3 12. Bxd8 Nxd1 13. Rxd1 Rxd8 14. O-O
Bxb3 15. cxb3 d5 16. Rfe1 f6 17. f3 Ke7 18. Kf2 g6 19. g3 Rc8 20. Rc1 a5 21. Ke3
Kd6 22. Re2 Nd4 23. Rxc8 Rxc8 24. h4 Nxe2 0-1

[Event "Challenge"]
[Site "http://www.queenalice.com/game.php?id=1349968"]
[Date "2015.3.26"]
[Round "-"]
[White "amarkin"]
[Black "lupengui"]
[Result "0-1"]
[WhiteElo "2448"]
[BlackElo "2849"]

1. e4 e6 2. d4 d5 3. Nc3 Nf6 4. Bg5 Be7 5. e5 Nfd7 6. h4 O-O 7. Nf3 c5 8. Bb5 h6
9. Be3 Nc6 10. Bxc6 bxc6 11. dxc5 Qc7 12. Bd4 Nxc5 13. Bxc5 Bxc5 14. O-O Rb8 15.
Rb1 Ba6 0-1